Creating a Tool for Assessing Individual Use of Soft-ware and Digital Technologies

Napriek širokej dostupnosti dotazníkov na sebahodnotenie merajúcich digitálne kompetencie vo vedeckej literatúre chýbajú meracie nástroje určené na meranie rozsahu „reálneho“ používania softvéru a digitálnych nástrojov. Na základe: a. teoretického prehľadu literatúry, b. syntézy empirických článkov...

Ausführliche Beschreibung

Gespeichert in:
Bibliographische Detailangaben
1. Verfasser: Černý, Matej, 1982-
Weitere Verfasser: Hanák, Róbert, 1979-
Format: Buchkapitel
Sprache:Englisch
Schlagworte:
Tags: Tag hinzufügen
Keine Tags, Fügen Sie das erste Tag hinzu!

MARC

LEADER 00000naa$a2200000$$$4500
001 0314336
005 20260319104057.9
041 0 |a eng 
044 |a SK 
245 1 0 |a Creating a Tool for Assessing Individual Use of Soft-ware and Digital Technologies  |c Matej Černý, Róbert Hanák 
520 |a Napriek širokej dostupnosti dotazníkov na sebahodnotenie merajúcich digitálne kompetencie vo vedeckej literatúre chýbajú meracie nástroje určené na meranie rozsahu „reálneho“ používania softvéru a digitálnych nástrojov. Na základe: a. teoretického prehľadu literatúry, b. syntézy empirických článkov a c. hodnotenia expertov sme navrhli merací nástroj na posúdenie používania softvéru a digitálnych nástrojov. Panel piatich expertov overil obsahovú validitu otázok, ktorá bola následne potvrdená kognitívnymi rozhovormi s piatimi expertmi. 
610 2 0 |a ekonómia 
610 2 0 |a manažment 
610 2 0 |a podnikanie 
610 2 0 |a digitalizácia 
610 2 0 |a financie 
100 1 |a Černý, Matej, 1982- 
700 1 |a Hanák, Róbert, 1979-